Condiciones institucionales que propician la inclusión. (Registro nro. 32527)
[ vista simple ]
| 000 -CABECERA | |
|---|---|
| campo fijo de control de longitud | 01531nab a2200253 4500 |
| 003 - IDENTIFICADOR DEL NÚMERO DE CONTROL | |
| campo de control | AR-RoBPED |
| 005 - FECHA Y HORADE LA ULTIMA TRANSACCION | |
| campo de control | 20260408113821.0 |
| 008 - ELEMENTOS DE LONGITUD FIJA--INFORMACION GENERAL | |
| campo fijo de control de longitud | 260408b |||||||| |||| 00| 0 spa d |
| 040 ## - FUENTE CATALOGADORA | |
| Centro catalogador/agencia de origen | AR-RoBPED |
| 041 ## - IDIOMA | |
| Código de idioma para texto/pista de sonido o título independiente | spa |
| 100 1# - ENCABEZAMIENTO PRINCIPAL--AUTOR PERSONAL | |
| Nombre de persona | Reboredo, Gabriela |
| 9 (RLIN) | 30729 |
| Función | Psicopedagogía y docente de Nivel Inicial |
| 245 ## - TITULO | |
| Título | Condiciones institucionales que propician la inclusión. |
| Subtítulo | ¿"Qué hacemos con los bollitos?" |
| 260 ## - PUBLICACION | |
| Lugar | Buenos Aires : |
| Editor | Noveduc, |
| Fecha | 2025 |
| 300 ## - DESCRIPCION FISICA | |
| Extensión | 50-53 p. |
| 500 ## - NOTA GENERAL | |
| Nota general | Las autoras, desde el Equipo de Orientación de los talleres infantiles del Instituto Vocacional de Arte de la Ciudad de Buenos Aires., observan que muchos niños que necesitan apoyo personalizado para desempañarse en un entorno escolar formal, al ingresar al instituto, ya no lo requieren. Desde allí analizan aquellas condiciones que favorecen su inclusión y, recurriendo al bollito de papel como metáfora, se preguntan: "¿Qué lugar ofertamos para que 'bollitos' y 'papeles estirados' sean parte de una trama común, sin necesidad de uniformarlxs?" |
| 650 #7 - TERMINO DE MATERIA--CONTROLADO | |
| Término controlado | INCLUSION EDUCATIVA |
| 9 (RLIN) | 19761 |
| Término controlado | NIÑOS |
| 9 (RLIN) | 62 |
| Término controlado | PARTICIPACION |
| 9 (RLIN) | 12858 |
| Término controlado | TRAYECTORIAS EDUCATIVAS |
| 9 (RLIN) | 28187 |
| 700 1# - ENCABEZAMIENTO SECUNDARIO--AUTOR PERSONAL | |
| Nombre de persona | Merdjan, Carolina |
| 9 (RLIN) | 30730 |
| Función | Licenciada en Psicopedagogía y profesora para la Enseñanza Preescolar |
| 773 0# - DOCUMENTO FUENTE | |
| Host Biblionumber | 20414 |
| Host Itemnumber | 41867 |
| Place, publisher, and date of publication | Buenos Aires : Noveduc, 1993- |
| Título | Novedades Educativas |
| Record control number | (AR-RoBPED)20414 |
| International Standard Serial Number | 03283534 |
| 942 ## - ELEMENTOS KOHA | |
| Fuente de clasificación | Universal Decimal Classification |
| Koha tipo de ítem | Revistas |
| Clasificación | 37(05) |
| Signatura librística | Nov 86 N° 400 (Febr.2025) |
| Número Koha | k.32527 |
| 945 ## - PROCESAMIENTO DE LA INFORMACIÓN LOCAL | |
| Catalogador y fecha | mar 04/2026 |
No hay ítems disponibles.